Elementy programmirovanija v sisteme JES EVM
Saved in:
| Main Author: | |
|---|---|
| Format: | Book |
| Language: | Russian |
| Published: |
Leningrad
Universitet
1982
|
| Tags: |
No Tags, Be the first to tag this record!
|
MARC
| LEADER | 00000nam a2200000 4500 | ||
|---|---|---|---|
| 001 | c132412 | ||
| 005 | 20041019155255.1 | ||
| 041 | 0 | |a rus | |
| 044 | |a RU | ||
| 245 | 1 | 0 | |a Elementy programmirovanija v sisteme JES EVM |c Aleksandr Nikolajevič Balujev |
| 264 | 1 | |a Leningrad |b Universitet |c 1982 | |
| 300 | |a 205 s. | ||
| 100 | 1 | |a Balujev, Aleksandr Nikolajevič | |